000
00298nam a2200121 a 4500
005
20141022141959.0
008
120306s19uu xx 00 eng d
050
_a
DVD-ROM
_b
M61 2005
100
_a
Miller, Robin
245
_a
Point & click linux /
_c
Robin Miller.
260
_c
2005.
942
_c
AVM
999
_c
276143
_d
276143